| 000 | 01184nam a2200373 i 4500 | ||
|---|---|---|---|
| 001 | 24766 | ||
| 003 | KOSZ 005 | ||
| 005 | 20230124125038.0 | ||
| 008 | 970510s1994 pl a f |000 0 pol | ||
| 015 | _aPB 1995/5139 | ||
| 020 | _a8301114967 | ||
| 040 |
_aWA N _cWA N _dKOSZ 005/HR |
||
| 046 | _k1994 | ||
| 080 | _a657.47 | ||
| 080 | _a658.14/.17 | ||
| 080 | _a519.86/.87 | ||
| 100 | 1 |
_aNowak, Edward _d(1951- ) _eAutor |
|
| 245 | 1 | 0 |
_aDecyzyjne rachunki kosztów : _bkalkulacje menedżera / _cEdward Nowak. |
| 260 |
_aWarszawa : _bWydawnictwo Naukowe PWN, _c1994. |
||
| 300 |
_a213, [3] s. : _bwykr. ; _c21 cm. |
||
| 336 |
_2rdacontent _aTekst _btxt |
||
| 337 |
_2rdamedia _aBez urządzenia pośredniczącego _bn |
||
| 338 |
_2rdacarrier _aWolumin _bnc |
||
| 380 | _aKsiążki | ||
| 388 | _a1901-2000 | ||
| 388 | _a1989-2000 | ||
| 504 | _aBibliogr. s. 212-[214]. | ||
| 650 | 4 | _aDecyzje | |
| 650 | 4 | _aRachunek kosztów | |
| 658 | _aGospodarka, ekonomia, finanse | ||
| 710 | 2 |
_aWydawnictwo Naukowe PWN _4pbl. |
|
| 856 |
_uhttp://koha.tu.koszalin.pl/cgi-bin/koha/opac-detail.pl?biblionumber=24766 _yKatalog online BPK |
||
| 942 |
_2UKD _cKS |
||
| 999 |
_c24766 _d24766 |
||